Normal view
MARC view
- Cromer, Alan H.
Entry Personal Name
001 - CONTROL NUMBER
- control field: 103537
003 - CONTROL NUMBER IDENTIFIER
- control field: NUST
005 - DATE AND TIME OF LATEST TRANSACTION
- control field: 20221124182403.0
008 - FIXED-LENGTH DATA ELEMENTS
- fixed length control field: 221124|| aca||aabn | a|a d
040 ## - CATALOGING SOURCE
- Original cataloging agency: NUST
- Transcribing agency: NUST
100 ## - HEADING--PERSONAL NAME
- Personal name: Cromer, Alan H.
670 ## - SOURCE DATA FOUND
- Source citation: Work cat.: (NUST)181506: Cromer, Alan H.,, Physics for the life sciences /, [1974]
